000 00375nam a2200145 4500
999 _c9508
_d9508
003 OSt
005 20210630105514.0
008 210630b ||||| |||| 00| 0 eng d
020 _a9780500518922
082 _a745.5
_bBAR
100 _aBarry, Ramona
245 _aThe handmade life : a companion to modern crafting
260 _aNew York
_bThames and Hudson
_c2015
942 _2ddc